|
|
|
|
| LEADER |
00000nam0a2200000 4500 |
| 001 |
345777 |
| 005 |
20231102005819.0 |
| 010 |
|
|
|a 9785438709671
|
| 035 |
|
|
|a (RuTPU)RU\TPU\book\377630
|
| 090 |
|
|
|a 345777
|
| 100 |
|
|
|a 20210317d2020 k y0rusy50 ca
|
| 101 |
0 |
|
|a rus
|
| 102 |
|
|
|a RU
|
| 105 |
|
|
|a a z 001zy
|
| 200 |
1 |
|
|a Модели, алгоритмы и программное обеспечение поддержки принятия стратегических решений к переходу на облачные технологии
|e монография
|f С. В. Разумников
|g Национальный исследовательский Томский политехнический университет, Юргинский технологический институт
|
| 210 |
|
|
|a Томск
|c Изд-во ТПУ
|d 2020
|
| 215 |
|
|
|a 176 с.
|c ил.
|
| 320 |
|
|
|a Библиогр.: с. 168-175
|
| 320 |
|
|
|a Список сокращений: с. 167
|
| 330 |
|
|
|a В монографии предлагается комплекс математических моделей, алгоритмов и программного обеспечения поддержки принятия стратегических решений к переходу на облачные технологии. Его использование позволяет учитывать специфику облачных технологий и определять приоритеты альтернатив облачных ИТ-сервисов для внедрения на основе системы оригинальных моделей При выполнении работы использовались методы системного анализа, пороговое агрегирование, метод экспертных оценок, многокритериальный подход линейное программирование, человеко-машинные процедуры (метод STEM), нечеткие методы принятия решений, имитационное моделирование. Предназначена для специалистов в сфере управления, финансового менеджмента информационных систем, а также для широкого круга научных работников аспирантов и студентов вузов экономических, управленческих и ИТ-специальностей
|
| 606 |
1 |
|
|a Облачные технологии
|2 stltpush
|3 (RuTPU)RU\TPU\subj\75882
|9 87429
|
| 606 |
1 |
|
|a Стратегическое планирование
|2 stltpush
|3 (RuTPU)RU\TPU\subj\27933
|
| 610 |
1 |
|
|a предприятия
|
| 610 |
1 |
|
|a облачная стратегия
|
| 610 |
1 |
|
|a внедрение
|
| 610 |
1 |
|
|a стратегические решения
|
| 610 |
1 |
|
|a принятие
|
| 610 |
1 |
|
|a переход
|
| 610 |
1 |
|
|a облачные сервисы
|
| 610 |
1 |
|
|a математические модели
|
| 610 |
1 |
|
|a алгоритмы
|
| 610 |
1 |
|
|a проектирование
|
| 610 |
1 |
|
|a программное обеспечение
|
| 610 |
1 |
|
|a монографии
|
| 610 |
1 |
|
|a труды учёных ТПУ
|
| 675 |
|
|
|a 004.62
|v 4
|
| 686 |
|
|
|a У9(2)212
|v LBC/SL-A
|2 rubbk
|
| 700 |
|
1 |
|a Разумников
|b С. В.
|c специалист в области информатики и вычислительной техники
|c доцент Юргинского технологического института (филиала) Томского политехнического университета, кандидат технических наук
|f 1988-
|g Сергей Викторович
|2 stltpush
|3 (RuTPU)RU\TPU\pers\31649
|9 15786
|
| 712 |
0 |
2 |
|a Национальный исследовательский Томский политехнический университет
|b Юргинский технологический институт
|c (2009- )
|h 349
|2 stltpush
|3 (RuTPU)RU\TPU\col\15903
|
| 801 |
|
1 |
|a RU
|b 63413507
|c 20210317
|
| 801 |
|
2 |
|a RU
|b 63413507
|c 20220204
|g RCR
|
| 942 |
|
|
|c BK
|